Základné pojmy v oblasti medzinárodného obchodu
Druhy zahraničnoobchodnej výmeny: priamy a nepriamy medzinárodný (zahraničný) obchod. Platobná a obchodná bilancia. Zásady medzinárodnej spolupráce. Clo a jeho druhy. Limity a povoľovacie konanie. Pohraničný styk. Medzištátne platobné dohody. Platobný styk. Devízový trh.
Guardado en:
| Autor principal: | |
|---|---|
| Formato: | Capítulo de libro |
| Lenguaje: | eslovaco |
| Materias: | |
| Etiquetas: |
Sin Etiquetas, Sea el primero en etiquetar este registro!
|
MARC
| LEADER | 00000naa a2200000 4500 | ||
|---|---|---|---|
| 001 | r016517 | ||
| 005 | 20221213113700.7 | ||
| 041 | 0 | |a slo | |
| 044 | |a SK | ||
| 245 | 1 | 0 | |a Základné pojmy v oblasti medzinárodného obchodu |c Ján Vlčko |
| 520 | |a Druhy zahraničnoobchodnej výmeny: priamy a nepriamy medzinárodný (zahraničný) obchod. Platobná a obchodná bilancia. Zásady medzinárodnej spolupráce. Clo a jeho druhy. Limity a povoľovacie konanie. Pohraničný styk. Medzištátne platobné dohody. Platobný styk. Devízový trh. | ||
| 610 | 2 | 0 | |a obchod medzinárodný |
| 610 | 2 | 0 | |a pojmy |
| 610 | 2 | 0 | |a výmena tovarová |
| 610 | 2 | 0 | |a spolupráca hospodárska medzinárodná |
| 610 | 2 | 0 | |a clá |
| 610 | 2 | 0 | |a zmluvy obchodné |
| 610 | 2 | 0 | |a dohody platobné medzinárodné |
| 610 | 2 | 0 | |a trh devízový |
| 610 | 2 | 0 | |a styk platobný |
| 100 | 1 | |a Vlčko, Ján | |